Concrete - Innovations in Materials, Design and Structures : book of abstracts for the 2019 fib International Symposium. May 27-29, 2019, Kraków, Poland

Na minha lista:
Detalhes bibliográficos
Autor Corporativo: fib 2019 Symposium Kraków, Poľsko
Outros Autores: Derkowski, Wit (Editor)
Formato: Conference Proceeding Livro
Idioma:inglês
Publicado em: Lausanne : Fédération Internationale du Beton (fib), 2019
Edição:1. vyd.
Tags: Adicionar Tag
Sem tags, seja o primeiro a adicionar uma tag!

MARC

LEADER 00000nam a22000003a 4500
001 0073620
003 SK-STU
005 20190605072535.8
007 ta
008 190604s ----xo-----e------100-0-----d
020 |a 978-2-940643-01-1 
022 |a 2617-4820 
040 |a STU  |b slo 
041 0 |a eng 
044 |a pl 
111 2 |a fib 2019 Symposium  |d 27. - 29. 5. 2019  |c Kraków, Poľsko 
245 1 0 |a Concrete - Innovations in Materials, Design and Structures :  |b book of abstracts for the 2019 fib International Symposium. May 27-29, 2019, Kraków, Poland 
250 |a 1. vyd. 
260 |a Lausanne :  |b Fédération Internationale du Beton (fib),  |c 2019 
300 |a 675 s. 
700 1 |a Derkowski, Wit  |4 edt 
996 |c V* 2614/sc-19  |l VV1  |s P  |a 0  |w 0073620_0001